Functional analysis: An introduction (Record no. 21294)

MARC details
000 -LEADER
fixed length control field 00474nam a2200169Ia 4500
008 - FIXED-LENGTH DATA ELEMENTS--GENERAL INFORMATION
fixed length control field 230917s9999||||xx |||||||||||||| ||und||
020 ## - ISBN
Price RS1075
040 ## - CATALOGING SOURCE
-- 237758
Original cataloging agency VIVEKANANDA LIBRARY
041 ## - Language
-- English
082 ## - DDC NUMBER
Classification number 515.7 E26F
100 ## - MAIN ENTRY--PERSONAL NAME
Personal name Eidelman, Yuli
245 #0 - TITLE STATEMENT
Title Functional analysis: An introduction
260 ## - PUBLICATION, DISTRIBUTION, ETC. (IMPRINT)
Place of publication, distribution, etc Rhode Island
Name of publisher, distributor, etc American Mathematical Society
Date of publication, distribution, etc 2016
300 ## - PHYSICAL DESCRIPTION
Pages xv, 322 p.
500 ## - GENERAL NOTE
General note 2602 09/02/2017 RBP17/63738 17/02/2017 Main Budget
942 ## - ADDED ENTRY ELEMENTS (KOHA)
Koha item type Books
Holdings
Withdrawn status Lost status Damaged status Not for loan Location (home branch) Sublocation or collection (holding branch) Date acquired Koha issues (times borrowed) Koha full call number Accession No. Koha date last seen Koha item type
        VIVEKANANDA LIBRARY VIVEKANANDA LIBRARY 21/03/2017   515.7 E26F 360634 17/09/2023 Books
© Designed and Maintained by Vivekananda Library, MDU Rohtak